| 000 | 01273nam0a2200325 4500 | ||
|---|---|---|---|
| 001 | RU\NLR\bibl\993618 | ||
| 005 | 20250614222256.0 | ||
| 010 |
_a5-469-00754-5 _bв пер. _94000 |
||
| 035 | _a(NLR Aleph) 000981400 | ||
| 090 |
_a461444 _c461444 |
||
| 100 | _a20061009d2006 |||y0rusy50 ca | ||
| 101 | 0 | _arus | |
| 102 | _aRU | ||
| 105 | _aa ||||||||| | ||
| 106 | _ar | ||
| 200 | 1 |
_aКнига мерчандайзера _fВиктория Снегирева |
|
| 210 |
_aМосква [и др.] _cПитер _d2006 _gООО ТИп. Правда 1906 |
||
| 215 |
_a380 с., [8] л. цв. ил. _cил., табл. _d22 |
||
| 300 | _aНа 4-й с. обл. авт.: Виктория Снегирева, преп. | ||
| 320 | _aБиблиогр.: с. 364-366 (38 назв.) и в подстроч. прим. | ||
| 606 | 1 |
_aМерчандайзинг _92116342 _3RU\NLR\auth\661278484 |
|
| 610 | 0 | _aЭкономика -- Российская Федерация -- Торговля -- Маркетинг | |
| 686 | _aУ42(0)12-803 | ||
| 700 | 1 |
_aСнегирева _bВ. В. _gВиктория Викторовна _4070 |
|
| 801 | 0 |
_aRU _bNLR _c20061009 _grcr |
|
| 801 | 1 |
_aRU _bNLR _c20061009 |
|
| 830 | _aАвт. по кн. | ||
| 942 | _cBOOK | ||
| 980 | _aNB | ||